000 00254nam a2200109Ia 4500
008 190914s9999||||xx |||||||||||||| ||und||
100 _aDonald.Lehmann
245 0 _aProduct Management
260 _aNew York
_bAddison
_c2000
300 _a701
942 _cBK
999 _c8937
_d8937